01476nam a2200229Ia 4500001000600000003000900006008004100015040001300056040001300069041001300082100001800095100002900113245002300142245002200165250001100187260002800198260004900226300005700275500085900332650002401191650003101215H4463IT-RoPAU130308s9999 xx 000 0 und d aIT-RoPAU cIT-RoPAU aITALIANO aGuarini Maria gCodice Aut. SPICS: 57657 aAgorà telematica bAgora' Telematica a1a ed. bEdizioni Vivere In/Roma c2001 [1° Ed.:2001 - Ed.Ling.Originale:2001] a"106 p. (prefazione: no ; testo: 106 [pagine: 0-0])" a"Introduzione: Motivazioni; sorgenti Informative; tipologie Comunicative; Comunicazione e Interattività. Definizione della Comunicazione in Chiave Antropologica: Chi Comunica? Comunicazione e Individuo; Anche Il Silenzio è Comunicazione; Aspetti della Comunicazione. Comunicazione e Conoscenza. Cosa Comunicare? Comunicazione e Cultura; Nuovo Habitat Culturale, Libri, Lettura, Editoria, Cultura in un Mondo Altamente Tecnologicizzato. Comunicazione e Teologia: Comunicazione e Fede, L'Uso della Telematica; Analisi e Riflessioni Tratte Dall'Esperienza Diretta e in Prospettiva. Come si Comunica? Comunicazione Orale, Scritta, Iconica, Multimediale. Realtà Virtuale. E' Comunicazione? tendenze di Sviluppo. indicazioni di Percorso. Comunicazione Eformazione: importanza della Formazione; Principi e Modalità Informative e Formative. Conclusioni." aPASTORALE E CULTURE eCodice materia Spics: 9302